Ανάκτηση του Ειρηνικού
Saved in:
| Format: | |
|---|---|
| Language: | Greek English |
| Published: |
[Αθήνα] :
Καθημερινή,
c2009.
|
| Subjects: | |
| Tags: |
Add Tag
No Tags, Be the first to tag this record!
|
MARC
| LEADER | 00000cgm a2200000 a 4500 | ||
|---|---|---|---|
| 001 | 1/119601 | ||
| 008 | 190715s2009####gr ||| | | m|gre|| | ||
| 040 | |a GR-MyUa |b gre |c GR-MyUa |e AACR2 | ||
| 041 | 1 | |a gre |h eng |j gre | |
| 082 | 7 | |a 940.53 |2 (23) | |
| 245 | 0 | 0 | |a Ανάκτηση του Ειρηνικού |h [μαγνητοσκόπηση] / |c συντονισμός παρουσίασης συλλογής Crister Garcia. |
| 260 | |a [Αθήνα] : |b Καθημερινή, |c c2009. | ||
| 300 | |a 1 βιντεοδίσκος (54 λεπτ.) : |b ομίλ., έγχρ. ; |c 4 3/4 ίν. | ||
| 500 | |a Διανέμεται δωρεάν μαζί με τον τόμο της σειράς Β' Παγκόσμιος Πόλεμος. | ||
| 500 | |a Έκδοση remastered με ψηφιακό χρώμα. | ||
| 505 | 8 | |a 1. H ναυμαχία της θάλασσας των Φιλιππίνων - 2. H επίθεση των καμικάζι - 3. H αντίσταση στη Βιρμανία - 4. Tο υποβρύχιο-νάνος. | |
| 508 | |a Παραγωγή: IMG Entertainment & NM Productions ; παραγωγή: Nugus Martin Productions Ltd. © BBC Worldwide Ltd ; distributed under licence by FEELGOOD ENTERTAINMENT. | ||
| 546 | |a Στα αγγλικά με ελληνικούς υπότιτλους. | ||
| 650 | 0 | |a World War, 1939-1945. | |
| 655 | 7 | |a Documentary films |2 lcgft | |
| 700 | 1 | |a Garcia, Crister, |e mod | |
| 852 | |a INST |b LEMNOS |c AV |e 20190715 |h DVD 940.53 ΠΑΓ |p 005600001983 |q 005600001983 |t DVD |y 23 | ||
| 970 | |a Ξενιτοπούλου |b Κωνσταντία |z 15/07/2019 | ||